| 000 | 00732nam a2200229 a 4500 | ||
|---|---|---|---|
| 003 | DO-SdBNP | ||
| 005 | 20250424095949.0 | ||
| 007 | ta | ||
| 008 | 220916e2009 dr ||||gr|||| 001 e spa d | ||
| 040 |
_aDO-SdBNP _bspa _cBNPHU |
||
| 082 | 4 |
_222 _b2009 |
|
| 245 | 1 | 0 |
_a"Misión y espiritualidad de la esperanza": _bclaves para la vida consagrada contemporánea. / _cJosé Cristo García Paredes |
| 260 |
_aSanto Domingo : _bMSC, _c2009 |
||
| 300 |
_a70 p. ; _b21 cm. |
||
| 500 | _aIncluye bibliografía y notas al pié de páginas. | ||
| 590 | _aInventariado 2022 / MF | ||
| 650 | 0 |
_aConducta de vida _911947 |
|
| 650 | 4 |
_921336 _aEstilo de Vida |
|
| 650 | 4 |
_961728 _aVida Cristiana _xGuías |
|
| 910 | _aMFeliz | ||
| 942 |
_2ddc _cLBS1 |
||
| 999 |
_c52415 _d52415 |
||